<?xml version="1.0" encoding="UTF-8"?>
<record
    xmlns:xsi="http://www.w3.org/2001/XMLSchema-instance"
    xsi:schemaLocation="http://www.loc.gov/MARC21/slim http://www.loc.gov/standards/marcxml/schema/MARC21slim.xsd"
    xmlns="http://www.loc.gov/MARC21/slim">

  <leader>00684nam a2200205 a 4500</leader>
  <controlfield tag="003">OSt</controlfield>
  <controlfield tag="005">20150408114119.0</controlfield>
  <controlfield tag="008">130224s2013    le     g b    000 0 ara d</controlfield>
  <datafield tag="020" ind1=" " ind2=" ">
    <subfield code="a">9959291596</subfield>
  </datafield>
  <datafield tag="040" ind1=" " ind2=" ">
    <subfield code="a">Ma-Un</subfield>
  </datafield>
  <datafield tag="082" ind1="0" ind2="4">
    <subfield code="2">21</subfield>
    <subfield code="a">251</subfield>
    <subfield code="b">&#x623; &#x639; &#x623;</subfield>
  </datafield>
  <datafield tag="100" ind1="1" ind2=" ">
    <subfield code="9">21628</subfield>
    <subfield code="a">&#x623;&#x628;&#x648; &#x646;&#x627;&#x62C;&#x64A;&#x60C; &#x639;&#x628;&#x62F; &#x627;&#x644;&#x633;&#x644;&#x627;&#x645; &#x645;&#x62D;&#x645;&#x648;&#x62F;.</subfield>
  </datafield>
  <datafield tag="245" ind1="1" ind2="0">
    <subfield code="a">&#x623;&#x635;&#x648;&#x644; &#x627;&#x644;&#x641;&#x642;&#x647; /</subfield>
    <subfield code="c">&#x62A;&#x623;&#x644;&#x64A;&#x641; &#x639;&#x628;&#x62F; &#x627;&#x644;&#x633;&#x644;&#x627;&#x645; &#x645;&#x62D;&#x645;&#x648;&#x62F; &#x623;&#x628;&#x648; &#x646;&#x627;&#x62C;&#x64A;.</subfield>
  </datafield>
  <datafield tag="250" ind1=" " ind2=" ">
    <subfield code="a">&#x637;. 2.</subfield>
  </datafield>
  <datafield tag="260" ind1=" " ind2=" ">
    <subfield code="a">&#x628;&#x64A;&#x631;&#x648;&#x62A; :</subfield>
    <subfield code="b">&#x627;&#x644;&#x645;&#x62F;&#x627;&#x631; &#x627;&#x644;&#x625;&#x633;&#x644;&#x627;&#x645;&#x64A;&#x60C;</subfield>
    <subfield code="c">2013</subfield>
    <subfield code="m">[1434]</subfield>
  </datafield>
  <datafield tag="300" ind1=" " ind2=" ">
    <subfield code="a">400 &#x635;. &#x61B;</subfield>
    <subfield code="c">24 &#x633;&#x645;.</subfield>
  </datafield>
  <datafield tag="504" ind1=" " ind2=" ">
    <subfield code="a">&#x628;&#x628;&#x644;&#x64A;&#x648;&#x62C;&#x631;&#x627;&#x641;&#x64A;&#x629; : &#x635;. 395-398.</subfield>
  </datafield>
  <datafield tag="650" ind1=" " ind2="7">
    <subfield code="a">&#x623;&#x635;&#x648;&#x644; &#x627;&#x644;&#x641;&#x642;&#x647; &#x627;&#x644;&#x625;&#x633;&#x644;&#x627;&#x645;&#x64A;</subfield>
    <subfield code="2">aucsh</subfield>
  </datafield>
  <datafield tag="942" ind1=" " ind2=" ">
    <subfield code="2">ddc</subfield>
    <subfield code="c">BOOK</subfield>
  </datafield>
  <datafield tag="999" ind1=" " ind2=" ">
    <subfield code="c">28109</subfield>
    <subfield code="d">262609</subfield>
  </datafield>
  <datafield tag="952" ind1=" " ind2=" ">
    <subfield code="1">0</subfield>
    <subfield code="2">2013-03-20</subfield>
    <subfield code="4">0</subfield>
    <subfield code="7">1</subfield>
    <subfield code="a">251 &#x623; &#x639; &#x623;</subfield>
    <subfield code="c">1</subfield>
    <subfield code="d">2013-03-20</subfield>
    <subfield code="h">SRM</subfield>
    <subfield code="i">00202467</subfield>
    <subfield code="m">SRM</subfield>
    <subfield code="q">2022-01-31</subfield>
    <subfield code="r">2022-05-22 00:00:00</subfield>
    <subfield code="t">BOOK</subfield>
    <subfield code="w">ddc</subfield>
    <subfield code="y">1</subfield>
  </datafield>
  <datafield tag="952" ind1=" " ind2=" ">
    <subfield code="1">0</subfield>
    <subfield code="2">2013-03-20</subfield>
    <subfield code="4">0</subfield>
    <subfield code="7">0</subfield>
    <subfield code="a">251 &#x623; &#x639; &#x623;</subfield>
    <subfield code="c">2</subfield>
    <subfield code="d">2013-03-20</subfield>
    <subfield code="h">SRM</subfield>
    <subfield code="i">00202466</subfield>
    <subfield code="m">SRM</subfield>
    <subfield code="r">2013-03-20 00:00:00</subfield>
    <subfield code="t">BOOK</subfield>
    <subfield code="w">ddc</subfield>
    <subfield code="y">0</subfield>
  </datafield>
  <datafield tag="952" ind1=" " ind2=" ">
    <subfield code="1">0</subfield>
    <subfield code="2">2013-03-20</subfield>
    <subfield code="4">0</subfield>
    <subfield code="7">1</subfield>
    <subfield code="a">251 &#x623; &#x639; &#x623;</subfield>
    <subfield code="c">1</subfield>
    <subfield code="d">2013-03-20</subfield>
    <subfield code="h">SZM</subfield>
    <subfield code="i">00201044</subfield>
    <subfield code="m">SZM</subfield>
    <subfield code="r">2015-01-29 00:00:00</subfield>
    <subfield code="t">BOOK</subfield>
    <subfield code="w">ddc</subfield>
    <subfield code="y">0</subfield>
  </datafield>
  <datafield tag="952" ind1=" " ind2=" ">
    <subfield code="1">0</subfield>
    <subfield code="2">2013-03-20</subfield>
    <subfield code="4">0</subfield>
    <subfield code="7">0</subfield>
    <subfield code="a">251 &#x623; &#x639; &#x623;</subfield>
    <subfield code="c">2</subfield>
    <subfield code="d">2013-03-20</subfield>
    <subfield code="h">EZF</subfield>
    <subfield code="i">00201043</subfield>
    <subfield code="m">SZM</subfield>
    <subfield code="q">2017-03-15</subfield>
    <subfield code="r">2017-03-26 00:00:00</subfield>
    <subfield code="t">BOOK</subfield>
    <subfield code="w">ddc</subfield>
    <subfield code="y">4</subfield>
  </datafield>
  <datafield tag="952" ind1=" " ind2=" ">
    <subfield code="1">0</subfield>
    <subfield code="2">2013-03-20</subfield>
    <subfield code="4">0</subfield>
    <subfield code="7">1</subfield>
    <subfield code="a">251 &#x623; &#x639; &#x623;</subfield>
    <subfield code="c">1</subfield>
    <subfield code="d">2013-03-20</subfield>
    <subfield code="h">SRF</subfield>
    <subfield code="i">00200777</subfield>
    <subfield code="m">SRF</subfield>
    <subfield code="r">2013-03-20 00:00:00</subfield>
    <subfield code="t">BOOK</subfield>
    <subfield code="w">ddc</subfield>
    <subfield code="y">0</subfield>
  </datafield>
  <datafield tag="952" ind1=" " ind2=" ">
    <subfield code="1">0</subfield>
    <subfield code="2">2013-03-20</subfield>
    <subfield code="4">0</subfield>
    <subfield code="7">0</subfield>
    <subfield code="a">251 &#x623; &#x639; &#x623;</subfield>
    <subfield code="c">2</subfield>
    <subfield code="d">2013-03-20</subfield>
    <subfield code="h">SRF</subfield>
    <subfield code="i">00200776</subfield>
    <subfield code="m">SRF</subfield>
    <subfield code="r">2013-03-20 00:00:00</subfield>
    <subfield code="t">BOOK</subfield>
    <subfield code="w">ddc</subfield>
    <subfield code="y">0</subfield>
  </datafield>
  <datafield tag="952" ind1=" " ind2=" ">
    <subfield code="1">0</subfield>
    <subfield code="2">2013-03-23</subfield>
    <subfield code="4">0</subfield>
    <subfield code="7">1</subfield>
    <subfield code="a">251 &#x623; &#x639; &#x623;</subfield>
    <subfield code="c">1</subfield>
    <subfield code="d">2013-03-23</subfield>
    <subfield code="h">CL</subfield>
    <subfield code="i">00204243</subfield>
    <subfield code="m">CL</subfield>
    <subfield code="r">2013-03-23 00:00:00</subfield>
    <subfield code="t">BOOK</subfield>
    <subfield code="w">ddc</subfield>
    <subfield code="y">0</subfield>
  </datafield>
  <datafield tag="952" ind1=" " ind2=" ">
    <subfield code="1">0</subfield>
    <subfield code="2">2013-03-23</subfield>
    <subfield code="4">0</subfield>
    <subfield code="7">0</subfield>
    <subfield code="a">251 &#x623; &#x639; &#x623;</subfield>
    <subfield code="c">2</subfield>
    <subfield code="d">2013-03-23</subfield>
    <subfield code="h">CL</subfield>
    <subfield code="i">00204244</subfield>
    <subfield code="m">CL</subfield>
    <subfield code="r">2013-03-23 00:00:00</subfield>
    <subfield code="t">BOOK</subfield>
    <subfield code="w">ddc</subfield>
    <subfield code="y">0</subfield>
  </datafield>
  <datafield tag="952" ind1=" " ind2=" ">
    <subfield code="1">0</subfield>
    <subfield code="2">2013-03-23</subfield>
    <subfield code="4">0</subfield>
    <subfield code="7">0</subfield>
    <subfield code="a">251 &#x623; &#x639; &#x623;</subfield>
    <subfield code="c">3</subfield>
    <subfield code="d">2013-03-23</subfield>
    <subfield code="h">CL</subfield>
    <subfield code="i">00204245</subfield>
    <subfield code="m">CL</subfield>
    <subfield code="r">2013-03-23 00:00:00</subfield>
    <subfield code="t">BOOK</subfield>
    <subfield code="w">ddc</subfield>
    <subfield code="y">0</subfield>
  </datafield>
</record>
